[Event "21st TCh-RUS 2014"]
[Site "Loo RUS"]
[Date "2014.04.10"]
[Round "4.5"]
[Board "2"]
[White "Bukavshin, Ivan"]
[Black "Shomoev, Anton"]
[Result "1-0"]
[WhiteTitle "GM"]
[BlackTitle "GM"]
[WhiteElo "2608"]
[BlackElo "2587"]
[WhiteTeam "Lada (Samara region)"]
[BlackTeam "Polytechnic (Nizhny Tagil)"]
[WhiteFideId "4199758"]
[BlackFideId "4135148"]
[EventDate "2014.04.07"]

1. d4 Nf6 2. c4 e6 3. Nf3 b6 4. Nc3 Bb7 5. a3 d5 6. Bg5 Be7 7. e3 O-O 8. Qc2
Nbd7 9. cxd5 Nxd5 10. Bxe7 Nxe7 11. Bd3 h6 12. Rd1 Qb8 13. b4 Rd8 14. O-O c5 15.
dxc5 bxc5 16. b5 Nd5 17. Nxd5 exd5 18. a4 Qc7 19. Be2 Qa5 20. Nh4 c4 21. Nf5 Nc5
22. Qb2 Ne6 23. Qa3 a6 24. Qe7 Qc7 25. Qb4 Qc5 26. Qc3 axb5 27. axb5 Ra3 28. Qe5
Qc7 29. Qxc7 Nxc7 30. Bxc4 g6 31. b6 Na8 32. Bxd5 Bxd5 33. b7 Rb8 34. Rxd5 Rxb7
35. Nxh6+ Kg7 36. Ng4 Rb2 37. Ne5 Nb6 38. Rd4 Rc3 39. h4 f6 40. Ng4 Rc5 41. Ra1
Rc7 42. Rd6 Nd7 43. Rad1 Rbb7 44. Re6 f5 45. Ne5 Nxe5 46. Rxe5 Rc2 47. Rf1 Rbb2
48. Rd5 Rc4 49. h5 f4 50. exf4 Rxf4 51. Rg5 Kh6 52. Rxg6+ Kxh5 53. Rg8 Kh6 54.
g3 Kh7 55. Rg5 Ra4 56. Kg2 Kh6 57. Rg8 Kh7 58. Rf8 Kg7 59. Rf3 Kg6 60. Re1 Rc2
61. Re8 Kg7 62. Ref8 Rcc4 63. R8f4 1-0

[Event "21st TCh-RUS 2014"]
[Site "Loo RUS"]
[Date "2014.04.10"]
[Round "4.5"]
[Board "3"]
[White "Kokarev, Dmitry"]
[Black "Frolyanov, Dmitry"]
[Result "1-0"]
[WhiteTitle "GM"]
[BlackTitle "GM"]
[WhiteElo "2621"]
[BlackElo "2578"]
[WhiteTeam "Polytechnic (Nizhny Tagil)"]
[BlackTeam "Lada (Samara region)"]
[WhiteFideId "4132181"]
[BlackFideId "4151976"]
[EventDate "2014.04.07"]

1. e4 c5 2. Nf3 Nc6 3. Bb5 g6 4. Bxc6 bxc6 5. O-O Bg7 6. Re1 Nh6 7. c3 O-O 8. h3
f6 9. d4 cxd4 10. cxd4 Nf7 11. Nc3 d6 12. b3 Qa5 13. Bd2 Bd7 14. Rc1 Qh5 15. d5
c5 16. Ne2 Ng5 17. Nxg5 fxg5 18. Bc3 Qh4 19. Ng3 Qf4 20. Qe2 Bxc3 21. Rxc3 Bb5
22. Qb2 Qe5 23. Rc2 Qxb2 24. Rxb2 a5 25. f3 Rad8 26. Re3 Kg7 27. Rd2 h6 28. Kf2
Ba6 29. Re1 Rf7 30. Re3 Rb8 31. e5 dxe5 32. Rc2 a4 33. Rxc5 axb3 34. axb3 h5 35.
Rc6 Bc8 36. Rxe5 Bd7 37. Rc7 e6 38. Ne4 Be8 39. d6 Rxb3 40. Rxe6 Bb5 41. Rxf7+
Kxf7 42. Nxg5+ Kg7 43. Re7+ 1-0

[Event "21st TCh-RUS 2014"]
[Site "Loo RUS"]
[Date "2014.04.10"]
[Round "4.5"]
[Board "4"]
[White "Yakovich, Yuri"]
[Black "Maletin, Pavel"]
[Result "1/2-1/2"]
[WhiteTitle "GM"]
[BlackTitle "GM"]
[WhiteElo "2539"]
[BlackElo "2582"]
[WhiteTeam "Lada (Samara region)"]
[BlackTeam "Polytechnic (Nizhny Tagil)"]
[WhiteFideId "4100654"]
[BlackFideId "4146786"]
[EventDate "2014.04.07"]

1. d4 Nf6 2. c4 g6 3. Nc3 d5 4. Nf3 Bg7 5. Qb3 dxc4 6. Qxc4 O-O 7. Bf4 Na6 8. e4
c5 9. dxc5 Be6 10. Qb5 Bd7 11. Qxb7 Nxc5 12. Qb4 Ne6 13. Be5 a5 14. Qa3 Qb6 15.
Rd1 Bc6 16. Bc4 Nxe4 17. O-O Nxc3 18. Qxc3 Bxf3 19. Bxg7 Nxg7 20. Qxf3 Nf5 21.
b3 Nd6 22. Rc1 Rac8 23. Qf4 Nxc4 24. Rxc4 Rxc4 25. Qxc4 Rd8 26. g3 Rd2 27. Qc8+
Rd8 28. Qc4 Rd2 29. Qc8+ Rd8 30. Qc4 Rd2 1/2-1/2

[Event "21st TCh-RUS 2014"]
[Site "Loo RUS"]
[Date "2014.04.10"]
[Round "4.5"]
[Board "5"]
[White "Vokarev, Sergey"]
[Black "Geller, Jakov"]
[Result "1/2-1/2"]
[WhiteTitle "GM"]
[BlackTitle "GM"]
[WhiteElo "2468"]
[BlackElo "2504"]
[WhiteTeam "Polytechnic (Nizhny Tagil)"]
[BlackTeam "Lada (Samara region)"]
[WhiteFideId "4119711"]
[BlackFideId "4151984"]
[EventDate "2014.04.07"]

1. e4 c5 2. Nf3 d6 3. Bb5+ Bd7 4. Bxd7+ Qxd7 5. c4 Nf6 6. Nc3 g6 7. d4 cxd4 8.
Nxd4 Bg7 9. O-O Nc6 10. Nde2 Qe6 11. Nd5 Qxe4 12. Nc7+ Kd7 13. Nxa8 Qxc4 14.
Nb6+ axb6 15. Nc3 Ra8 16. a4 Nb4 17. Qf3 Rb8 18. Be3 Qg4 19. Qxg4+ Nxg4 20. Bxb6
Ne5 21. a5 Ned3 22. Ra3 Rc8 23. Rb3 Rc4 24. Na4 e5 25. Be3 Kc6 26. Bd2 e4 27.
Nb6 Kb5 28. Nd5 Ka4 29. Ra3+ Kb5 30. Bxb4 Nxb4 31. Rb3 Kxa5 32. Ra1+ Kb5 33.
Nc3+ Kc6 34. Ra4 Kc5 35. Ra5+ Kc6 36. Ra4 Kc5 37. Ra7 Kc6 38. Ra8 Nd5 39. Rc8+
Nc7 40. Kf1 d5 41. Rb8 f5 42. R8xb7 d4 43. R3b6+ Kd7 44. Nd1 Rc2 45. Rb4 f4 46.
b3 e3 47. Rc4 e2+ 48. Ke1 Rxc4 49. bxc4 exd1=R+ 50. Kxd1 Kc6 51. Ra7 Kb6 52. Ra2
Na6 53. Re2 d3 54. Re6+ Ka5 55. Re7 Bc3 56. Rb7 h5 57. Rb3 Bd4 58. Ra3+ Kb6 59.
Rxd3 Kc5 60. Rf3 Be5 61. Ra3 Nb4 62. Ra5+ Kd4 63. Ke2 g5 64. h3 Nc6 65. Ra6 Kc5
66. Kf3 Bd4 67. Ra2 Kxc4 68. Ke4 Bb6 69. Rc2+ Kb5 70. Rb2+ Kc5 71. Rd2 Bd8 72.
h4 gxh4 73. Rd5+ Kc4 74. Rxh5 Bb6 75. Rh6 Kb5 76. f3 Bc7 77. Rxh4 Ne7 78. Rxf4
Bxf4 79. Kxf4 Kc6 80. Ke5 Ng6+ 81. Ke4 1/2-1/2

[Event "21st TCh-RUS 2014"]
[Site "Loo RUS"]
[Date "2014.04.10"]
[Round "4.5"]
[Board "6"]
[White "Mokshanov, Alexey"]
[Black "Pogromsky, Mikhail"]
[Result "1/2-1/2"]
[WhiteTitle "FM"]
[BlackTitle "IM"]
[WhiteElo "2428"]
[BlackElo "2418"]
[WhiteTeam "Lada (Samara region)"]
[BlackTeam "Polytechnic (Nizhny Tagil)"]
[WhiteFideId "24121657"]
[BlackFideId "4184688"]
[EventDate "2014.04.07"]

1. e4 c5 2. Nf3 Nc6 3. Bb5 d6 4. Bxc6+ bxc6 5. O-O Bg4 6. d3 Nf6 7. Nbd2 Nd7 8.
c3 Bh5 9. h3 e6 10. Re1 Be7 11. Nf1 O-O 12. Ng3 Bg6 13. Bf4 Re8 14. Qd2 Rb8 15.
Rac1 Qa5 16. b3 Qa3 17. Qc2 Rb6 18. Nd2 d5 19. Nb1 Qa6 20. c4 e5 21. Bd2 d4 22.
Rf1 Bd6 23. Rce1 Rbb8 24. Re2 Qb6 25. Be1 a5 26. Nd2 Ra8 27. Nf3 Qa6 28. a4 Rab8
29. Bd2 Bc7 30. Nh4 Nf8 31. Ngf5 Ne6 32. g3 f6 33. Nxg6 hxg6 34. Nh4 g5 35. Ng2
Qb7 36. Rb1 Kf7 37. h4 Rh8 38. Ree1 gxh4 39. Nxh4 Nf4 40. Bxf4 exf4 41. Kg2 fxg3
42. fxg3 Rh5 43. Nf3 Qc8 44. Rh1 Qg4 45. Qf2 Rxh1 46. Rxh1 Rxb3 47. Rh4 Qg6 48.
e5 Rxd3 49. Qb2 Rxf3 50. Kxf3 Qf5+ 51. Kg2 Qxe5 52. Qf2 Qe6 53. Qf3 Qxc4 54. Qg4
Qd5+ 55. Kh2 Bd6 56. Rh8 Bf8 57. Qc8 Qd6 58. Qb7+ Kg6 59. Qc8 Kf7 60. Qb7+ Qe7
61. Qxc6 Qe2+ 62. Kh1 Qe1+ 63. Kh2 Qe2+ 64. Kh1 Qf1+ 65. Kh2 Qf2+ 66. Kh1 Qf5
67. Qa8 Qf1+ 68. Kh2 Qe2+ 69. Kh1 Qe1+ 70. Kh2 Qe2+ 71. Kh1 Qe1+ 72. Kh2 Qe2+
73. Kh1 Qe1+ 1/2-1/2

[Event "21st TCh-RUS 2014"]
[Site "Loo RUS"]
[Date "2014.04.10"]
[Round "4.6"]
[Board "1"]
[White "Grishchenko, Sergey1"]
[Black "Potapov, Pavel"]
[Result "1/2-1/2"]
[WhiteTitle "FM"]
[BlackTitle "IM"]
[WhiteElo "2436"]
[BlackElo "2475"]
[WhiteTeam "Atom (Desnogorsk)"]
[BlackTeam "Yamal"]
[WhiteFideId "4136730"]
[BlackFideId "4169786"]
[EventDate "2014.04.07"]

1. d4 d5 2. c4 c6 3. Nc3 dxc4 4. e4 b5 5. Nf3 e6 6. Be2 Bb7 7. O-O Nd7 8. d5 e5
9. b3 b4 10. dxc6 Bxc6 11. Nd5 c3 12. Bc4 Be7 13. a3 Ngf6 14. Nxe7 Qxe7 15. axb4
Bxe4 16. b5 O-O 17. Ba3 Nc5 18. Rc1 Rfd8 19. Qe2 c2 20. Ng5 Bg6 21. Rxc2 Nd5 22.
Ne4 Bxe4 23. Bxc5 Qh4 24. Bxd5 Bxd5 25. Qxe5 Bxb3 26. Rc3 Rd5 27. Qc7 Qd8 28.
Qxd8+ Raxd8 29. b6 Rxc5 30. Rxc5 axb6 31. Rc3 Be6 32. Ra1 g6 33. Rca3 Kg7 34. h3
b5 35. Rb1 Bc4 36. Kh2 Rd2 37. Kg3 h5 38. h4 Rc2 39. Re3 Rd2 40. Re5 Kf6 41. Rg5
Rd3+ 42. f3 Rd2 43. Kh3 Be6+ 44. Kh2 Bc4 45. Kg3 Kg7 46. Rc5 Rd4 47. Rb2 Kf6 48.
Rb4 Rd2 49. Rg5 Kg7 50. Rgxb5 Bxb5 1/2-1/2

[Event "21st TCh-RUS 2014"]
[Site "Loo RUS"]
[Date "2014.04.10"]
[Round "4.6"]
[Board "2"]
[White "Belyakov, Bogdan"]
[Black "Baghdasaryan, Vahe"]
[Result "1/2-1/2"]
[WhiteTitle "IM"]
[BlackTitle "IM"]
[WhiteElo "2444"]
[BlackElo "2359"]
[WhiteTeam "Yamal"]
[BlackTeam "Atom (Desnogorsk)"]
[WhiteFideId "24104795"]
[BlackFideId "13303139"]
[EventDate "2014.04.07"]

1. e4 c5 2. c3 Nf6 3. e5 Nd5 4. Nf3 e6 5. d4 cxd4 6. cxd4 b6 7. Bd3 d6 8. O-O
Nd7 9. Nbd2 Nb4 10. Be2 dxe5 11. dxe5 Qc7 12. a3 Nd5 13. Nc4 Ba6 14. Qa4 Bb7 15.
Ne3 Bc5 16. Nxd5 Bxd5 17. b4 Be7 18. Be3 a6 19. Rac1 Qb7 20. Rc3 O-O 21. Rfc1
Bd8 22. Qc2 f6 23. Bd4 fxe5 24. Nxe5 Nxe5 25. Bxe5 Rf5 26. f4 b5 27. Bf3 Bxf3
28. Rxf3 Bf6 29. Bxf6 Rxf6 30. Qc6 Qxc6 31. Rxc6 a5 32. bxa5 Rxa5 33. Rb6 e5 34.
Rb8+ Kf7 35. Rb7+ Kg8 36. Rd3 exf4 37. Rd8+ Rf8 38. Rdd7 Rc8 39. Rxg7+ Kh8 40.
Rxh7+ Kg8 41. Rhg7+ Kh8 42. Ra7 Rxa3 43. Rh7+ Kg8 44. Rxa3 Kxh7 45. Rb3 Rc5 46.
Rb4 Rf5 47. Kf2 Kg6 48. Kf3 Kg5 49. Ke4 Rc5 50. Rd4 Rf5 51. Rd8 f3 52. gxf3 Rf4+
53. Ke3 Rh4 54. Rd5+ Kf6 55. Rd2 Kf5 56. Rd5+ Ke6 57. Rxb5 Rxh2 58. Kf4 Kf7 59.
Rb7+ Kf6 60. Rb6+ Kf7 61. Kg5 Rg2+ 62. Kf5 Rc2 63. Rb7+ Kf8 64. Rb6 Kf7 65. Rf6+
Kg7 66. Rd6 Kf7 67. Rd7+ Ke8 68. Rb7 Kf8 69. f4 Rc6 70. Kg5 Ra6 71. Rd7 Rb6 72.
Rd5 Kf7 73. Rf5+ Kg7 74. Rc5 Kf7 75. f5 Ra6 76. Rc7+ Kf8 77. Rh7 Rb6 78. Rh8+
Kf7 79. Rd8 Ra6 80. Rd7+ Kf8 81. Kf4 Rb6 82. Ke5 Ra6 83. Rd5 Kf7 84. Rb5 Rc6 85.
Kd5 Ra6 86. Ke5 Rc6 87. Ra5 Rb6 88. Ra7+ Kf8 89. Kf4 Rc6 90. Kg5 Rb6 91. f6 Rb1
92. Ra4 Kf7 93. Ra7+ Kf8 94. f7 Rc1 95. Kf6 Rc6+ 96. Kf5 Rc2 97. Kf6 Rf2+ 98.
Ke6 Re2+ 99. Kf6 Rf2+ 100. Ke6 Re2+ 101. Kf6 Rf2+ 102. Ke6 Re2+ 103. Kf6 Rf2+
104. Ke6 Re2+ 105. Kf6 Rf2+ 106. Ke6 Re2+ 107. Kf6 Rf2+ 108. Ke6 Re2+ 109. Kd5 1/2-1/2

[Event "21st TCh-RUS 2014"]
[Site "Loo RUS"]
[Date "2014.04.10"]
[Round "4.6"]
[Board "3"]
[White "Simonian, Tigran"]
[Black "Goryachkina, Aleksandra"]
[Result "1/2-1/2"]
[WhiteTitle "IM"]
[BlackTitle "WGM"]
[WhiteElo "2427"]
[BlackElo "2423"]
[WhiteTeam "Atom (Desnogorsk)"]
[BlackTeam "Yamal"]
[WhiteFideId "13303597"]
[BlackFideId "4147103"]
[EventDate "2014.04.07"]

1. d4 d5 2. c4 c6 3. cxd5 cxd5 4. Nc3 Nf6 5. Bf4 Nc6 6. e3 a6 7. Rc1 Bf5 8. Nf3
e6 9. Qb3 Ra7 10. Ne5 Be7 11. Be2 O-O 12. Nxc6 bxc6 13. O-O Qa8 14. Na4 Ne4 15.
Qd1 Qb7 16. f3 Nf6 17. h3 Nd7 18. Rc3 Rc8 19. Qc1 a5 20. a3 Raa8 21. Qd2 c5 22.
dxc5 Nxc5 23. Nxc5 Bxc5 24. Rfc1 Bb6 25. Be5 f6 26. Bd4 Bd8 27. f4 Rxc3 28. Qxc3
Rb8 29. Qc6 Bb6 30. Qxb7 Rxb7 31. Ba6 Ra7 32. Bc8 Bxd4 33. exd4 h5 34. Rc6 a4
35. Bxe6+ Bxe6 36. Rxe6 Rb7 37. Re2 Rb3 38. Re8+ Kf7 39. Ra8 Rxb2 40. f5 h4 41.
Rxa4 Rd2 42. Ra8 Rxd4 43. a4 Rf4 44. a5 Rxf5 45. Rd8 d4 46. Rxd4 Rxa5 1/2-1/2

[Event "21st TCh-RUS 2014"]
[Site "Loo RUS"]
[Date "2014.04.10"]
[Round "4.6"]
[Board "4"]
[White "Sergeyev, Alexander"]
[Black "Shahinyan, David"]
[Result "0-1"]
[WhiteTitle "FM"]
[BlackTitle "FM"]
[WhiteElo "2403"]
[BlackElo "2362"]
[WhiteTeam "Yamal"]
[BlackTeam "Atom (Desnogorsk)"]
[WhiteFideId "13702076"]
[BlackFideId "13304380"]
[EventDate "2014.04.07"]

1. d4 d6 2. Nf3 Bg4 3. c3 Nd7 4. Qb3 Qc8 5. Ng5 e6 6. f3 Bh5 7. e4 Be7 8. Be3
Ngf6 9. Nd2 Bg6 10. Be2 h6 11. Nh3 e5 12. Nf2 c6 13. f4 exf4 14. Bxf4 d5 15. e5
Nh7 16. c4 Nb6 17. O-O Nf8 18. a4 Ne6 19. Be3 dxc4 20. Nxc4 Nd5 21. Bf3 O-O 22.
Ne4 Bxe4 23. Bxe4 Nxe3 24. Qxe3 Qd7 25. Rad1 Rad8 26. Rd3 Nxd4 27. Nd6 c5 28.
Bd5 Bxd6 29. exd6 Qxd6 30. Bxb7 Ne2+ 0-1

[Event "21st TCh-RUS 2014"]
[Site "Loo RUS"]
[Date "2014.04.10"]
[Round "4.6"]
[Board "5"]
[White "Pogosian, Georgy"]
[Black "Okara, Andrey"]
[Result "1/2-1/2"]
[WhiteTitle "FM"]
[BlackTitle "IM"]
[WhiteElo "2241"]
[BlackElo "2347"]
[WhiteTeam "Atom (Desnogorsk)"]
[BlackTeam "Yamal"]
[WhiteFideId "4119088"]
[BlackFideId "4181360"]
[EventDate "2014.04.07"]

1. d4 d5 2. Nf3 Nf6 3. c4 c6 4. e3 e6 5. b3 c5 6. Bb2 Nc6 7. Nbd2 cxd4 8. exd4
g6 9. Be2 Bg7 10. O-O O-O 11. Ne5 Nd7 12. f4 Ne7 13. Bf3 b6 14. cxd5 exd5 15.
Re1 Bb7 16. Ndc4 f6 17. Nxd7 Qxd7 18. Ba3 Nc8 19. Bxf8 Bxf8 20. Ne3 Qf7 21. a3
Nd6 22. b4 Ne4 23. Nxd5 Bxd5 24. Bxe4 a5 25. Bxd5 Qxd5 26. bxa5 Rxa5 27. a4 b5
28. axb5 Rxb5 29. Qe2 Qxd4+ 30. Kh1 Rb4 31. Ra8 Kg7 32. h3 Bd6 33. Rf1 Bxf4 34.
Qe7+ Kh6 35. Ra7 Qf2 36. Qxh7+ Kg5 37. Ra5+ f5 38. Qe7+ Kh6 39. Qf8+ Kg5 40.
Qd8+ Kh6 41. Qf8+ Kg5 42. Rxf5+ gxf5 43. Qg7+ Kh4 44. Qf6+ Kg3 45. Qg6+ Kh4 46.
Qf6+ Kg3 47. Qg6+ Kh4 48. Qf6+ 1/2-1/2

[Event "21st TCh-RUS 2014"]
[Site "Loo RUS"]
[Date "2014.04.10"]
[Round "4.6"]
[Board "6"]
[White "Savitskiy, Sergey"]
[Black "Parfenov, Viktor N."]
[Result "1/2-1/2"]
[WhiteTitle "FM"]
[WhiteElo "2356"]
[BlackElo "2194"]
[WhiteTeam "Yamal"]
[BlackTeam "Atom (Desnogorsk)"]
[WhiteFideId "24105660"]
[BlackFideId "4165969"]
[EventDate "2014.04.07"]

1. e4 e6 2. Nc3 d5 3. Nf3 d4 4. Ne2 c5 5. c3 Nf6 6. e5 Nfd7 7. cxd4 cxd4 8. Qa4
Nc6 9. Nexd4 Ndxe5 10. Nxc6 Nxc6 11. Ne5 Bd7 12. Nxd7 Qxd7 13. Bb5 a6 14. Bxc6
Qxc6 15. Qxc6+ bxc6 16. d3 g6 17. b3 Bg7 18. Rb1 O-O-O 19. Ke2 Rd5 20. Be3 Rhd8
21. Rbc1 Kb7 22. Rc4 Bb2 23. Rd1 Bd4 24. Rb4+ Ka7 25. Rc1 Bxe3 26. fxe3 R8d6 27.
Rc3 Rb5 28. Rh4 h5 29. Rf4 f5 30. h4 e5 31. Rfc4 Kb6 32. e4 a5 33. a3 Rf6 34.
Ke3 Rd6 35. g3 Rf6 36. Kf3 Rd6 37. b4 axb4 38. axb4 Rf6 39. exf5 gxf5 40. d4
exd4 41. Rxd4 Rg6 42. Rdc4 Kc7 43. Rc5 Rxb4 44. Rxf5 Rbg4 45. Kf2 Rh6 46. Kg2
Rg7 47. Kh3 Kd6 48. Rd3+ Ke6 49. Rc5 Kf7 50. Rd7+ Kg8 51. Rd8+ Kf7 52. Rc8 Rgg6
53. Rc7+ Kg8 54. Kg2 Rg7 55. Rc8+ Kh7 56. Ra8 Rd7 57. Raa5 Rd5 58. Rxd5 cxd5 59.
Rxd5 Kg7 60. Rg5+ Kf6 61. Kf3 Rh8 62. Kf4 Rh7 63. Ra5 Rh8 64. Ra6+ Kf7 65. Kf5
Rb8 66. Ra7+ Kf8 67. Ra3 Kg7 68. Ra7+ Kh6 69. Ra6+ Kh7 70. Ra5 Rb3 71. Kf4 Rb4+
72. Kg5 Rg4+ 73. Kf6 Rg6+ 74. Kf7 Kh6 75. Ra3 Rb6 76. Rf3 Rb7+ 77. Kg8 Kg6 78.
Kf8 Ra7 79. Rd3 Rf7+ 80. Ke8 Rf6 81. Ke7 Rf7+ 82. Ke6 Rf1 83. Rd5 Rf6+ 84. Ke5
Rf5+ 85. Ke4 Rxd5 86. Kxd5 Kf5 87. Kd4 Kg4 88. Ke4 Kxg3 89. Ke3 Kxh4 90. Kf4 Kh3
91. Kf3 Kh2 92. Kf2 1/2-1/2

[Event "21st TCh-RUS 2014"]
[Site "Loo RUS"]
[Date "2014.04.11"]
[Round "5.1"]
[Board "1"]
[White "Jobava, Baadur"]
[Black "Svidler, Peter"]
[Result "1-0"]
[WhiteTitle "GM"]
[BlackTitle "GM"]
[WhiteElo "2706"]
[BlackElo "2756"]
[WhiteTeam "University (Belorechensk)"]
[BlackTeam "St. Petersburg"]
[WhiteFideId "13601520"]
[BlackFideId "4102142"]
[EventDate "2014.04.07"]

1. e4 e5 2. Nf3 Nc6 3. Be2 Nf6 4. d3 d5 5. Nbd2 Be7 6. c3 a5 7. a4 O-O 8. O-O
Re8 9. Re1 b6 10. Qc2 Bb7 11. Nf1 h6 12. Ng3 Bf8 13. h3 Nb8 14. Be3 c5 15. Rad1
Nbd7 16. Bc1 Qc7 17. Nd2 Bc6 18. Bf3 d4 19. Ngf1 g6 20. Nc4 Bg7 21. Nfd2 b5 22.
axb5 Bxb5 23. Na3 Bc6 24. Ndc4 a4 25. Bd2 Rec8 26. Ra1 Nf8 27. cxd4 cxd4 28. Bb4
Ne8 29. Rec1 h5 30. Qd2 Qb8 31. Na5 Bd7 32. Rxc8 Qxc8 33. N3c4 Qb8 34. Bd1 Bh6
35. Qe1 Ne6 36. Bxa4 Nf4 37. Bc2 Qc8 38. Qf1 Nf6 39. Bd1 Bxh3 40. gxh3 Nxh3+ 41.
Kh1 Bf4 42. Be1 Ng4 43. b4 Ra6 44. Ra2 Rf6 45. Qg2 Bg5 46. b5 Bh4 47. Bxg4 hxg4
48. b6 Rxb6 49. Nxb6 Qc1 50. Qf1 Qh6 51. Nd5 1-0

[Event "21st TCh-RUS 2014"]
[Site "Loo RUS"]
[Date "2014.04.11"]
[Round "5.1"]
[Board "2"]
[White "Vitiugov, Nikita"]
[Black "Alekseev, Evgeny"]
[Result "1/2-1/2"]
[WhiteTitle "GM"]
[BlackTitle "GM"]
[WhiteElo "2747"]
[BlackElo "2678"]
[WhiteTeam "St. Petersburg"]
[BlackTeam "University (Belorechensk)"]
[WhiteFideId "4152956"]
[BlackFideId "4138147"]
[EventDate "2014.04.07"]

1. c4 c5 2. Nf3 Nc6 3. d4 cxd4 4. Nxd4 Qb6 5. Nb3 e6 6. a3 Nf6 7. Nc3 Be7 8. e4
O-O 9. Be2 d6 10. O-O Qd8 11. Bf4 a5 12. Rc1 h6 13. Be3 e5 14. c5 dxc5 15. Nxc5
Nd4 16. Bxd4 exd4 17. Nb5 Bxc5 18. Rxc5 Nxe4 19. Re5 Nf6 20. Qxd4 Qxd4 21. Nxd4
Rd8 22. Rd1 b6 23. f3 Bd7 24. Nb5 Be6 25. Nd4 Bd7 26. Nb5 Be6 27. Nd4 1/2-1/2

[Event "21st TCh-RUS 2014"]
[Site "Loo RUS"]
[Date "2014.04.11"]
[Round "5.1"]
[Board "3"]
[White "Kobalia, Mikhail"]
[Black "Dominguez Perez, Leinier"]
[Result "0-1"]
[WhiteTitle "GM"]
[BlackTitle "GM"]
[WhiteElo "2633"]
[BlackElo "2757"]
[WhiteTeam "University (Belorechensk)"]
[BlackTeam "St. Petersburg"]
[WhiteFideId "4119150"]
[BlackFideId "3503240"]
[EventDate "2014.04.07"]

1. e4 c5 2. c3 Nf6 3. e5 Nd5 4. Nf3 Nc6 5. Bc4 e6 6. d4 cxd4 7. cxd4 d6 8. O-O
Be7 9. Bd2 O-O 10. Nc3 dxe5 11. dxe5 Nxc3 12. Bxc3 a6 13. Qe2 b5 14. Bd3 Bb7 15.
Rfd1 Qb6 16. Bd2 Rad8 17. Be3 Qc7 18. Rac1 Qb8 19. Bb6 Rd5 20. Be4 Rxd1+ 21.
Qxd1 Nb4 22. Bc7 Qa8 23. Bxb7 Qxb7 24. a3 Nd5 25. Ba5 Rc8 26. h3 h6 27. Bd2 Nb6
28. Be3 Rxc1 29. Qxc1 Nc4 30. Bd4 Qd5 31. Qc2 Qc6 32. Qd3 Bd8 33. b3 Nxa3 34.
Bc5 Qxc5 35. Qxd8+ Kh7 36. Qd3+ Kg8 37. Qd8+ Kh7 38. Qd3+ g6 39. Qd6 Qc1+ 40.
Kh2 Qf4+ 41. Kg1 Qc1+ 42. Kh2 Qf4+ 43. Kg1 Nb1 44. Qxa6 Qc1+ 45. Kh2 Qf4+ 46.
Kg1 Nc3 47. Qd6 Kg7 48. Qd3 b4 49. g3 Qc1+ 50. Kg2 Nd5 51. Nd4 Qc7 52. Nf3 Qc6
53. Kf1 Nc3 54. Kg1 Qa8 55. Nh2 Qa1+ 56. Kg2 Qb2 57. Qc4 Nd5 58. Qh4 h5 59. g4
Nf4+ 60. Kg1 Qc1+ 61. Nf1 Ne2+ 0-1

[Event "21st TCh-RUS 2014"]
[Site "Loo RUS"]
[Date "2014.04.11"]
[Round "5.1"]
[Board "4"]
[White "Matlakov, Maxim"]
[Black "Landa, Konstantin"]
[Result "1/2-1/2"]
[WhiteTitle "GM"]
[BlackTitle "GM"]
[WhiteElo "2690"]
[BlackElo "2639"]
[WhiteTeam "St. Petersburg"]
[BlackTeam "University (Belorechensk)"]
[WhiteFideId "4168003"]
[BlackFideId "4101685"]
[EventDate "2014.04.07"]

1. Nf3 Nf6 2. g3 d5 3. Bg2 b5 4. d3 Bb7 5. O-O e6 6. c4 a6 7. cxd5 Nxd5 8. Bg5
Be7 9. Bxe7 Qxe7 10. Nbd2 Nd7 11. Nb3 Rc8 12. a4 c6 13. Qd2 O-O 14. Rfc1 h6 15.
d4 Rfd8 16. Qc2 Nb4 17. Qe4 Nb6 18. Nc5 Nxa4 19. Nxa4 c5 20. Qh4 Qxh4 21. Nxh4
Bxg2 22. Kxg2 bxa4 23. dxc5 Rd2 24. Rxa4 Rxb2 25. Nf3 a5 26. Kf1 Nc6 27. Nd4
Nxd4 28. Rxd4 Rc6 29. Rd6 Rxd6 30. cxd6 Rd2 31. Rc8+ Kh7 32. Ra8 Rd1+ 33. Kg2
Rxd6 34. Rxa5 g6 35. e3 Kg7 36. h4 h5 37. Kg1 Rd1+ 38. Kg2 Rd6 39. Kg1 Rd1+ 40.
Kg2 1/2-1/2

[Event "21st TCh-RUS 2014"]
[Site "Loo RUS"]
[Date "2014.04.11"]
[Round "5.1"]
[Board "5"]
[White "Tregubov, Pavel V."]
[Black "Efimenko, Zahar"]
[Result "1/2-1/2"]
[WhiteTitle "GM"]
[BlackTitle "GM"]
[WhiteElo "2620"]
[BlackElo "2657"]
[WhiteTeam "University (Belorechensk)"]
[BlackTeam "St. Petersburg"]
[WhiteFideId "4115341"]
[BlackFideId "14107201"]
[EventDate "2014.04.07"]

1. d4 Nf6 2. c4 e6 3. Nf3 d5 4. Nc3 Bb4 5. Bg5 h6 6. Bxf6 Qxf6 7. Qa4+ Nc6 8. e3
O-O 9. Be2 Bd7 10. Qb3 dxc4 11. Qxc4 Qg6 12. O-O Bd6 13. Nb5 e5 14. Nxd6 cxd6
15. d5 Ne7 16. Rfd1 Rfc8 17. Qb4 Rc7 18. Qa3 Bh3 19. Ne1 b6 20. e4 Bd7 21. f3 f5
22. Qe3 fxe4 23. fxe4 Bg4 24. Rdc1 Rac8 25. Bd3 Qf6 26. g3 Ng6 27. Rxc7 Rxc7 28.
Rc1 Rxc1 29. Qxc1 h5 30. h4 Nf8 31. Qe3 Nh7 32. Kg2 Qg6 33. Nf3 Bxf3+ 34. Kxf3
Nf6 35. Ke2 Qg4+ 36. Kd2 Qh3 37. Qf3 Qh2+ 38. Kc3 Qg1 39. a3 Qd4+ 40. Kb3 Kf7
41. Bc2 Qc5 42. Qc3 Qxc3+ 43. Kxc3 Ke7 44. Kd3 1/2-1/2

[Event "21st TCh-RUS 2014"]
[Site "Loo RUS"]
[Date "2014.04.11"]
[Round "5.1"]
[Board "6"]
[White "Khairullin, Ildar"]
[Black "Aleksandrov, Aleksej"]
[Result "1/2-1/2"]
[WhiteTitle "GM"]
[BlackTitle "GM"]
[WhiteElo "2650"]
[BlackElo "2539"]
[WhiteTeam "St. Petersburg"]
[BlackTeam "University (Belorechensk)"]
[WhiteFideId "4151348"]
[BlackFideId "13500139"]
[EventDate "2014.04.07"]

1. c4 Nf6 2. Nf3 e6 3. g3 d5 4. Bg2 dxc4 5. Qa4+ Nbd7 6. Qxc4 c5 7. Qb3 Rb8 8.
a4 b6 9. d3 Bd6 10. Na3 a6 11. O-O Bb7 12. Nc4 Bc7 13. Bd2 O-O 14. Qa3 b5 15.
axb5 axb5 16. Na5 Ba8 17. b4 Ne5 18. Nxe5 Bxe5 19. Rac1 c4 20. Rfd1 cxd3 21. Be3
Nd5 22. Rxd3 Qf6 23. Rd2 Bc3 24. Rxd5 Bb2 25. Qd3 Bxc1 26. Bd4 Qg6 27. Qxg6 hxg6
28. Rc5 Bd2 29. Bxa8 Bxb4 30. Bb7 Bxa5 31. Rxb5 Bc7 32. Ba7 Rbd8 33. Be4 Rd2 34.
Bd3 Ra2 35. Rb7 Be5 36. Kg2 Rd8 37. Be3 Bd4 38. Bxd4 Rxd4 39. Rb8+ Kh7 40. Rb7
Kg8 41. Rb8+ Kh7 42. Rb7 f6 43. Re7 e5 44. h4 Ra5 45. Re6 f5 46. f3 Kg8 47. Rxg6
e4 48. fxe4 fxe4 49. Ba6 Rc5 50. Kf2 Ra4 51. Ke3 Kh7 52. Rb6 g5 1/2-1/2